LEADER 01506nam--2200445---450 001 990000838090203316 005 20200407085526.0 010 $a88-85026-54-0 035 $a0083809 035 $aUSA010083809 035 $a(ALEPH)000083809USA01 035 $a0083809 100 $a20020103d1986----km-y0itay50------ba 101 1 $aita$cger 102 $aIT 105 $ay|||z|||001yy 200 1 $a<> prosa d'arte antica$edal VI secolo a. C. all'età della Rinascenza$fEduard Norden$gedizione italiana a cura di Benedetta Heinemann Campana$gcon una nota di aggiornamento di Gualtiero Calboli e una premessa di Scevola Mariotti 210 $aRoma$cSalerno$d1986 215 $a2 volumi (XII, 1206 p.)$d24 cm 300 $aIn custodia 410 0$12001 454 0$12001$a<> antike Kunstprosa$913898 606 0 $aProsa greca$2BNCF 606 0 $aProsa latina$2BNCF 676 $a888.008 700 1$aNORDEN,$bEduard$0153884 702 1$aHEINEMANN CAMPANA,$bBenedetta 702 1$aCALBOLI,$bGualtiero 702 1$aMARIOTTI,$bScevola$f<1920-2000> 801 0$aIT$bsalbc$gISBD 912 $a990000838090203316 951 $aV.1.F. 241/1 (VIII C 1352 I)$b138386 L.M.$cV.1. 951 $aV.1.F. 241/2a (VIII C 1352 II)$b138387 L.M.$cV.1. 951 $aXV.8. 985 1$b222563 L.M.$cXV.8. 959 $aBK 969 $aUMA 969 $aFSO 969 $aCAS 996 $aAntike Kunstprosa : vom VI. Jahrhundert V. Chr. bis in die Zeit der Renaissance$913898 997 $aUNISA LEADER 02611nam 2200625Ia 450 001 9910459484903321 005 20200520144314.0 010 $a0-429-48054-7 010 $a1-282-77933-8 010 $a9786612779336 010 $a1-84940-844-0 035 $a(CKB)2670000000046938 035 $a(EBL)689995 035 $a(OCoLC)723944248 035 $a(SSID)ssj0000528252 035 $a(PQKBManifestationID)11318328 035 $a(PQKBTitleCode)TC0000528252 035 $a(PQKBWorkID)10548867 035 $a(PQKB)10083526 035 $a(MiAaPQ)EBC689995 035 $a(Au-PeEL)EBL689995 035 $a(CaPaEBR)ebr10419969 035 $a(CaONFJC)MIL277933 035 $a(EXLCZ)992670000000046938 100 $a20091027d2009 uy 0 101 0 $aeng 135 $aur|n|---||||| 181 $ctxt 182 $cc 183 $acr 200 00$aSupervisor training$b[electronic resource] $eissues and approaches /$fedited by Penny Henderson 210 $aLondon $cKarnac$d2009 215 $a1 online resource (349 p.) 225 1 $aGuide to supervision ;$v2 300 $aDescription based upon print version of record. 311 $a0-367-10556-X 311 $a1-85575-402-9 320 $aIncludes bibliographical references and index. 327 $aCover; Copy Right; ACKNOWLEDGEMENTS; ABOUT THE EDITOR AND CONTRIBUTORS; INTRODUCTION; PART I: ISSUES; PART II: APPROACHES; Epilogue; APPENDIX 1: Professional organizations with some involvement in supervision 330 $aConsidering how much experience there now is in providing supervisor training in the UK, relatively little has been written about it. This book aims to create a lively and readable resource that will be informative and inspirational for those planning for the future of training for supervisors of counsellors, or who create, teach on or apply for supervisor training. The structure and content will invite reflection on the training issues that the authors address. It is intended to be consciously forward looking in a period of rapid development, and is designed to highlight differences between p 410 0$aGuide to supervision series ;$v2. 606 $aSupervisors$xTraining of 606 $aEmployees$xTraining of 608 $aElectronic books. 615 0$aSupervisors$xTraining of. 615 0$aEmployees$xTraining of. 676 $a658.4071245 701 $aHenderson$b Penny$0897813 801 0$bMiAaPQ 801 1$bMiAaPQ 801 2$bMiAaPQ 906 $aBOOK 912 $a9910459484903321 996 $aSupervisor training$92005898 997 $aUNINA